[Event "Hamburg St Pauli op-B"]
[Site "Hamburg"]
[Date "2011.07.17"]
[Round "9"]
[White "Retzlaff, Wolfgang"]
[Black "Rockel, Marcus"]
[Result "1/2-1/2"]
[WhiteElo "1677"]
[BlackElo "1622"]
[PlyCount "61"]
[EventDate "2011.07.09"]
[EventType "swiss"]
[EventRounds "9"]
[EventCountry "GER"]
[SourceTitle "CBM 143 Extra"]
[Source "ChessBase"]
[SourceDate "2011.08.29"]
[SourceVersion "1"]
[SourceVersionDate "2011.08.29"]
[SourceQuality "1"]

1. g3 d5 2. Bg2 e5 3. d3 Nf6 4. e3 Bd6 5. Ne2 0-0 6. 0-0 c6 7. f4 e4 8. dxe4 dxe4 9. Nbc3 Re8 10. h3 h5 11. Qd4 c5 12. Qd2 Bc7 13. Rd1 Qxd2 14. Rxd2 a6 15. b3 b6 16. Bb2 Bb7 17. Nd1 Nd5 18. Kf2 f5 19. Nec3 Nf6 20. Kg1 Nbd7 21. Nf2 Nf8 22. Rad1 Rad8 23. a4 Rxd2 24. Rxd2 Rd8 25. Rxd8 Bxd8 26. Bf1 Ng6 27. Be2 Ne7 28. Nfd1 g6 29. Kf2 Ned5 30. Bc4 Kf8 31. Nxd5 1/2-1/2

[Event "Hamburg St Pauli op-B"]
[Site "Hamburg"]
[Date "2011.07.14"]
[Round "7"]
[White "Stoll, Robert"]
[Black "Rockel, Marcus"]
[Result "0-1"]
[WhiteElo "1732"]
[BlackElo "1622"]
[PlyCount "88"]
[EventDate "2011.07.09"]
[EventType "swiss"]
[EventRounds "9"]
[EventCountry "GER"]
[SourceTitle "CBM 143 Extra"]
[Source "ChessBase"]
[SourceDate "2011.08.29"]
[SourceVersion "1"]
[SourceVersionDate "2011.08.29"]
[SourceQuality "1"]

1. d4 Nf6 2. c4 e6 3. Nc3 d5 4. Bg5 Be7 5. Bxf6 Bxf6 6. e3 0-0 7. Nf3 c6 8. h4 Nd7 9. Bd3 dxc4 10. Bxh7+ Kxh7 11. Ng5+ Kh6 12. Qg4 e5 13. Qg3 Qe7 14. 0-0-0 Nb6 15. f4 exd4 16. exd4 Qd7 17. Nce4 Qg4 18. Qf2 Nd5 19. g3 Nb4 20. Qe3 Bf5 21. a3 Nd5 22. Qd2 Bxe4 23. Nxe4 Kh7 24. Qc2 Kg8 25. Ng5 g6 26. Qf2 Rae8 27. Rhe1 Rxe1 28. Rxe1 Qd7 29. Nf3 Re8 30. Rxe8+ Qxe8 31. Ne5 Bxe5 32. fxe5 Qe6 33. Qe2 Ne7 34. g4 Qd5 35. Qf2 Qe4 36. Qg1 Nd5 37. Qf2 Ne3 38. Qe2 Qf4 39. Kb1 Qf1+ 40. Qxf1 Nxf1 41. Kc2 b5 42. b3 Ne3+ 43. Kc3 cxb3 44. Kxb3 a5 0-1

[Event "Hamburg St Pauli op-B"]
[Site "Hamburg"]
[Date "2011.07.09"]
[Round "1"]
[White "Vokroj, Gabriela"]
[Black "Rockel, Marcus"]
[Result "0-1"]
[WhiteElo "1855"]
[BlackElo "1622"]
[PlyCount "68"]
[EventDate "2011.07.09"]
[EventType "swiss"]
[EventRounds "9"]
[EventCountry "GER"]
[SourceTitle "CBM 143 Extra"]
[Source "ChessBase"]
[SourceDate "2011.08.29"]
[SourceVersion "1"]
[SourceVersionDate "2011.08.29"]
[SourceQuality "1"]

1. Nf3 d5 2. g3 Nf6 3. Bg2 c6 4. d3 Bg4 5. Ne5 Bh5 6. h3 Nbd7 7. Bf4 e6 8. Nd2 Bc5 9. Ndf3 0-0 10. g4 Nxe5 11. Nxe5 Bg6 12. h4 h6 13. Nxg6 fxg6 14. e3 d4 15. 0-0 Nd5 16. exd4 Bxd4 17. Bg3 Bxb2 18. Bxd5 Qxd5 19. Rb1 Qxa2 20. Qe2 Bd4 21. Rxb7 Rf6 22. Qe4 Qd5 23. Qe1 Qf3 24. Kh2 Qxg4 25. Qb4 c5 26. Rxg7+ Kxg7 27. Qb7+ Rf7 28. Qxa8 Qe2 29. Kg2 Qxc2 30. Qe4 Qb3 31. h5 Qd5 32. hxg6 Qxe4+ 33. dxe4 Kxg6 34. f4 a5 0-1